Statistics for Most Liked Comments on Jetpunk

Click here to take the quiz!

General Stats

  • This quiz has been taken 139 times
  • The average score is 8 of 20

Answer Stats

LikesParent comment 2Parent comment 1UserQuizComment% Correct
140sillie10 Most Popular Pizza Toppings{Pineapple} on pizza is an abomination!
89%
120"____________" is not a country. Please refrain from making political statements through quizzes. Why would you put "_____________" but not a "Kurdish territories" or "South Ossetian Territories". Keep your political opinion away from JetPunk.Agreed!Jerry928Middle East Map QuizThere's nothing political about accepting reality, and the reality is that {Palestine} is recognised as a country by most (137 of 196; 70%) of the world's countries. That recognition level is far greater than Kosovo (108) or Taiwan (23). It also has UN observer status, which is the same UN status as Vatican City, unlike Kosovo and Taiwan, which have no UN status at all.
85%
113_______ on pizza is an abomination!APHill10 Most Popular Pizza ToppingsI am tempted to report you for that vile comment! :-) {Pineapple} is amazing on pizza!
83%
191Why are so many SA countries on here?brandybuck96Countries with the Most AirportsBecause they have a lot of {airports}.
69%
118Is ______ Asia?Gamer1162Five Least Populated Countries by ContinentWarning: {Cyprus} debates below
64%
209Great quiz! Should sodium be on here, too?TinklePorkPeriodic Table Elements Mentioned in the Bible{Na}
63%
98When I took geography in school, I never heard of a continent called Oceania.giuliano78Most Expensive Cities Quizthen you should ask for a {refund}
51%
77North America and Europe...that's it? Wow. Worldly travelers they are not.QuizmasterMost Visited Countries by JetPunkersIsn't it obvious that people tend to visit countries nearer to {where} {they} {live} than ones further away?
36%
77CringeDragonRandom Sequential Countries on a World MapWoah, this is amazing. Deserves {a} {feature} for sure, one of my new favorite quizzes. :)
36%
95100% 24/24 and im only 12me too and i am also 12. I know the capital of every country except the Caribbean and Pacific IslandsWaymanBeckBiggest Countries by Population QuizI got 25/24 and I'm only {a} {fetus}
30%
94TrampFertile Crescent Countries{Cyprus} is the absolute bane of my existence on this site
28%
75FreestatebearMost Mentioned Enemies of the USA{France} made the list. Wow.
28%
114None of these countries matterdivantilyaCountries that End in INeither does {your opinion}.
28%
73QuizmasterDonald Trump's New Travel BanAlso, I know this is a {sensitive} topic. Please, if you are going to comment, be civil. And if you feel the need to argue with another commenter, maybe take a breath and ask yourself if arguing with a stranger on the internet is the best use of your time.
25%
74I'm smarter than a ________! What a way to start a Monday.QuizmasterGeography Quiz for DummiesI tested this quiz on a {chimpanzee}. Not only did he fail to answer any of the questions correctly, he grabbed my laptop and smashed it to pieces.
21%
106Can anyone explain Vanuatu?brandybuck96Countries With the Most LanguagesIt was created by {volcanoes}, and that's why it's here today.
21%
76Damn snakes are everywhere!!!skukkaCountries with NO SnakesYup, even on {planes}!
20%
96How many times are we going to keep making these "name all the countries" quizzes? If you know all the countries, it's just the same quiz over and over.StewartRandom Sequential European Countries on a MapBut this justifies its existence because most people will have their own method to naming all them. Being forced to name them in {a} {pseudo-random} {order} can easily put people off track and make it more difficult. Also remember that there are many users on JetPunk who do not know all the countries, or perhaps know all the names but not their precise shape/location.
18%
77TrampCountries of the World with an Empty Map - Hard VersionYou scored 194/196 = 99%. This beats or equals 58.6% of test takers ...only {on} {Jetpunk}
18%
88CardinalSinGeography Mad GabThe ultimate quiz for people who have {nothing} {better} {to} {do}
14%

Score Distribution

Percentile by Number Answered

Percent of People with Each Score

Your Score History

You have not taken this quiz